Music Quiz

Random Music or Bands Quiz

Boy Bands by members Quiz Stats

Quiz not verified by Sporcle

Challenge
Share
Tweet
Embed
Score 0/27 Timer 10:00
0 Plays Today
Members Boy Band % Correct
Harry, Liam, Louis, Niall, ZaynOne Direction
82.4%
Chris, JC, Joey, Justin, LanceNSYNC
80.6%
A.J, Brian, Howie, Kevin, NickBackstreet Boys
76.9%
Danny, Donnie, Joey, Jonathan, JordanNew Kids On The Block
72.2%
Joe, Kevin, NickJonas Brothers
69.4%
Brian, Kian, Mark, Nicky, ShaneWestlife
59.3%
Carlos, James, Kendall, LoganBig Time Rush
55.6%
Jay, Max, Nathan, Siva, TomThe Wanted
54.6%
Gary, Howard, Jason, Mark, RobbieTake That
52.8%
Drew, Jeff, Justin, Nick98 Degrees
52.8%
Ashley, Dan, Erik, Jacob, TrevorO-Town
49.1%
Abz, Jason, Ritchie, Scott, SeanFive
48.1%
Bobby, Johnny, Michael, Ralph, Ricky, RobbieNew Edition
47.2%
Keith, Mikey, Ronan, Shane, StephenBoyzone
46.3%
Members Boy Band % Correct
Antony, Duncan, Lee, SimonBlue
39.8%
Danny, Dougie, Harry, TomMcFly
39.8%
Aston, JB, Marvin, OritseJLS
37%
Brad, Devin, RichLFO
30.6%
Charlie, James, MattBusted
29.6%
Ben, Christian, Mark, PaulA1
28.7%
Jimmy. Lee, Spike911
27.8%
Brian, John, Terry, TonyEast 17
20.4%
Chris, Frankie, Greg, Jesse, MattDream Street
20.4%
Chris, Izzy, Mikel, Richie, TariqUS5
17.6%
Andrez, Coree, Jade, Noel, RashaanDamage
13.9%
Adam, David, James, Ken, TrevorSoulDecision
13%
Anton, Daniel, Jamie, Keith, MattOne True Voice
11.1%

You're not logged in!

Compare scores with friends on all Sporcle quizzes.
Join for Free
OR
Log In

You Might Also Like...

Show Comments

Extras

Created Feb 23, 2014ReportNominate
Tags:Bands Quiz, Boy Bands

Top Quizzes Today


Score Distribution

Your Account Isn't Verified!

In order to create a playlist on Sporcle, you need to verify the email address you used during registration. Go to your Sporcle Settings to finish the process.

Report this User

Report this user for behavior that violates our Community Guidelines.

Details: